000 00675cam a2200193 4500500
005 20260111080458.0
041 _afre
042 _adc
100 1 0 _aHernu, Paul
_eauthor
245 0 0 _aL’évolution de la réforme comptable des collectivités locales
260 _c2022.
500 _a64
690 _acompte financier unique
690 _aéquilibre budgétaire
690 _anormes comptables
690 _apartenariat ordonnateur-comptable
786 0 _nGestion & Finances Publiques | 2 | 2 | 2022-04-05 | p. 108-115 | 1969-1009
856 4 1 _uhttps://droit.cairn.info/revue-gestion-et-finances-publiques-2022-2-page-108?lang=fr&redirect-ssocas=7080
999 _c1616358
_d1616358